| 000 | 01036nam a2200289Ia 4500 | ||
|---|---|---|---|
| 003 | OSt | ||
| 005 | 20220930090316.0 | ||
| 006 | a|||||r|||| 00| 0 | ||
| 007 | ta | ||
| 008 | 220926b |||||||| |||| 00| 0 eng d | ||
| 024 | _a109226 | ||
| 037 | _cTheses | ||
| 040 |
_aCRL _cCRL _beng |
||
| 041 |
_2eng _aeng |
||
| 100 |
_aJindal Gaurav _9542274 |
||
| 110 | _aUniversity of Delhi. Faculty of Medical Sciences. Department of Medicine | ||
| 245 | 0 | _aCorrelation of C-reactive protein levels with functional ability in chronic obstructive pulmonary disease patients and effect of nutritional intervention | |
| 260 | _c2008 | ||
| 300 |
_a70p. _ap. _ccm. |
||
| 650 | _aMEDICINE | ||
| 700 |
_a Dr. H. S. Hira Gu. _9532983 |
||
| 700 | _a Dr. M. K. Daga Gu. | ||
| 700 |
_a Dr. S. Krishna Prakash Gu. _9532846 |
||
| 700 | _aUniversity of Delhi. Faculty of Medical Sciences. Department of Medicine | ||
| 942 |
_cDIS _2CC |
||
| 999 |
_c880370 _d880370 |
||